Scorpions (<Chelicerata>) de Colombie: IV. Biogéographie et diversité biologique des scorpions de Colombie, avec des commentaires sur les refuges quaternaires (Registro nro. 10160)

Detalles MARC
000 -CABECERA
Campo de control 006590000a22001810004500
090 ## - CLASIFICACIÓN LOCAL
Colección AR
Consecutivo 01072
041 0# - IDIOMA
Código de idioma para texto/pista de sonido o título separado
100 1# - ASIENTO PRINCIPAL--NOMBRE PERSONAL
Nombre personal Lourenco, Wilson R.
245 10 - MENCION DE TITULO
Título Scorpions (<Chelicerata>) de Colombie: IV. Biogéographie et diversité biologique des scorpions de Colombie, avec des commentaires sur les refuges quaternaires
650 14 - ASIENTO SECUNDARIO DE MATERIA - TERMINO TEMATICO
Término temático o nombre geográfico como elemento de entrada Biogeografía
650 14 - ASIENTO SECUNDARIO DE MATERIA - TERMINO TEMATICO
Término temático o nombre geográfico como elemento de entrada Escorpiones
650 14 - ASIENTO SECUNDARIO DE MATERIA - TERMINO TEMATICO
Término temático o nombre geográfico como elemento de entrada Evolución
651 #4 - ASIENTO SECUNDARIO DE MATERIA - NOMBRE GEOGRAFICO
-- Chocó
-- Colombia
651 #4 - ASIENTO SECUNDARIO DE MATERIA - NOMBRE GEOGRAFICO
-- Santa Marta
-- Magdalena
-- Colombia
700 1# - ASIENTO SECUNDARIO - NOMBRE PERSONAL
Nombre personal Flórez Daza, Eduardo
773 1# - Item fuente:
Título C. R. Soc. Biogeogr.
Especificación de materiales 391
Descripción física 2
Paginas del Articulo 65-74
Lugar, editorial y fecha de publicación 1990
Información sobre la relación 66
942 ## - ELEMENTOS ADICIONALES (KOHA)
Tipo de ítem Artículo
Existencias
Withdrawn status Lost status Damaged status No para préstamo Colección Ubicación Permanente Ubicación actual Fecha de adquisición Datos de publicación Seriada Total Checkouts Número topográfico Inventario / Código de Barras Date last seen Ejemplar Price effective from Forma de adquisición Tipo de material
      No para Préstamo Hemeroteca Bogotá Bogotá 27/02/2015 Fuera de circulación   AR 01072 011391 25/03/2015 1 25/03/2015   Artículo